College Quizbowl Stats
College Quizbowl Stats
Circuits
Seasons
Sets
Records
Detailed Stats
About
Loading...
2024 ACF Winter at Online
Tossups
Bonuses
Players
Teams
Categories (Tossup)
Categories (Bonus)
Rishi Swaminathan (D2)
NYU A
Categories
Category
Powers
Gets
Negs
BBs
Points
Earliest Buzz
Avg. Buzz
First Buzzes
Top 3 Buzzes
Geography/Current Events
0
2
0
2
20
125
127.50
1
1
Fine Arts - Classical Music
0
1
0
1
10
134
134.00
0
0
History - European History
0
0
1
0
-5
0.00
0
0
Philosophy
0
0
1
0
-5
0.00
0
0
Buzzes
Category
Answer
Value
Buzz Position
History - European History
Malta
-5
87
Philosophy
social contract
-5
95
Geography/Current Events
sports betting
10
125
Geography/Current Events
Lake Tanganyika
10
130
Fine Arts - Classical Music
violin
10
134
Previous
1
Next